00325nam a2200121Ia 4500008004100000041000800041082001400049100001500063245004500078260003800123300003300161365000900194240624s9999 xx 000 0 und d aeng a306.3 VOL aVOLTI RUDI aINTRODUCTION TO THE SOCIOLOGY OF WORK AN c2008aNew DelhibPine Forge Press axviii, : 276 : p. : cm. ; 25 cb30